Passing assessments for the award in education and training
Guardat en:
| Autor principal: | |
|---|---|
| Format: | Llibre |
| Idioma: | anglès |
| Publicat: |
Sage/Learning Matters,
2013.
|
| Etiquetes: |
Afegir etiqueta
Sense etiquetes, Sigues el primer a etiquetar aquest registre!
|
MARC
| LEADER | 00000nam a22000007a 4500 | ||
|---|---|---|---|
| 008 | 210527b ||||| |||| 00| 0 eng d | ||
| 020 | |a 978-1-4462-9593-9 | ||
| 100 | |a GRAVELLS, Ann | ||
| 245 | |a Passing assessments for the award in education and training |c Ann Gravells and Susan Simpson |g ix,178p.; ill. | ||
| 260 | |b Sage/Learning Matters, |c 2013. |h Los Angeles: |i 692517 |i 692518 |l LC5225 .T4G78 |m Adult education teachers – Training of. |m Adult learning. | ||
| 500 | |a “It includes references and index”. | ||
| 942 | |a lcc |c BK |e Adekanye I.H. |f 27/05/2021 | ||
| 952 | |0 0 |1 0 |2 lcc |4 0 |6 LC5225 T4 G78 |7 0 |9 3902 |a HOL |b HOL |c LP |d 2021-11-23 |l 0 |o LC5225.T4G78 |p 2021-67627 |r 2021-11-23 00:00:00 |t 692517 |w 2021-11-23 |y BK | ||
| 952 | |0 0 |1 0 |2 lcc |4 0 |6 LC5225 T4 G78 |7 0 |9 3903 |a HOL |b HOL |c LP |d 2021-11-23 |l 0 |o LC5225.T4G78 |p 2021-67628 |r 2021-11-23 00:00:00 |t 692518 |w 2021-11-23 |y BK | ||
| 999 | |c 1282 |d 1282 | ||